Not too late : psychotherapy and ageing /

Bibliographic Details
Main Author: Orbach, Ann
Format: Book
Language:English
Published: London ; Bristol, Pa. : Jessica Kingsley Publishers, 1996.
Subjects:

MARC

Tag First Indicator Second Indicator Subfields
LEADER 00000cam a2200000 a 4500
001 in00001362521
005 20151006094131.0
008 961220s1996 enk b 000 0 eng d
010 |a  97100823  
019 |a 36192058 
020 |a 1853023809 
035 |a (OCoLC)36120608 
035 |9 AHK2042AM 
040 |a ICRM  |c DLC  |d IDL  |d NGU  |d NLM  |d TXA  |d UtOrBLW 
042 |a lccopycat 
049 |a TXAM 
050 0 0 |a RC480.54  |b .O73 1996 
060 0 0 |a 1996 L-019 
060 1 0 |a WT 150  |b O64n 1996 
069 0 |a 9617653 
082 0 0 |a 618.97/68914  |2 21 
100 1 |a Orbach, Ann. 
245 1 0 |a Not too late :  |b psychotherapy and ageing /  |c Ann Orbach ; foreword by Joseph Redfearn. 
264 1 |a London ;  |a Bristol, Pa. :  |b Jessica Kingsley Publishers,  |c 1996. 
300 |a xiii, 122 pages ;  |c 24 cm. 
336 |a text  |b txt  |2 rdacontent 
337 |a unmediated  |b n  |2 rdamedia 
338 |a volume  |b nc  |2 rdacarrier 
504 |a Includes bibliographical references (pages 112-115) and index. 
650 0 |a Psychotherapy for older people. 
650 0 |a Older people  |x Psychology. 
650 1 2 |a Psychotherapy  |x in old age. 
650 2 2 |a Aging  |x psychology. 
999 |a MARS 
999 f f |s 4753e55d-e0ac-3e1b-99c2-8f9485575cd8  |i da105d77-591f-3636-83a4-6bf905aba933  |t 0 
952 f f |p ric  |a Texas A&M University  |b Rellis Campus  |c Joint Library Facility  |d Remote Storage  |t 0  |e RC480.54 .O73 1996  |h Library of Congress classification  |i unmediated -- volume  |m A14821331489 
998 f f |a RC480.54 .O73 1996  |t 0  |l Remote Storage